| 000 | 00998nam a22002417a 4500 | ||
|---|---|---|---|
| 999 |
_c157901 _d157901 |
||
| 005 | 20190711104716.0 | ||
| 010 | _aB-709318 B-728453 | ||
| 020 |
_c825.00 _a9788193413753 |
||
| 035 | _aB-709318 | ||
| 035 | _aB-728453 | ||
| 037 | _bRK Books | ||
| 082 | _a351 | ||
| 100 | _aFadia,B.L. | ||
| 245 |
_aPublic administration: administrative theories / _cby B. L. Fadia [and] Kuldeep Fadia |
||
| 250 | _a14th rev. ed | ||
| 260 |
_c2018 _aAgra (U.P.) _bSahitya Bhawan |
||
| 270 |
_aC 17, Site C, Sikandra Industrial Area _bAgra _e282007 |
||
| 300 |
_a1116p. _c24cm(pbk) |
||
| 500 | _aincludes bibliographical references | ||
| 942 |
_2ddc _cEN _h351 _mFAD |
||